LEADER 00821nam0-2200289 --450 001 9910248060003321 005 20180724101320.0 010 $a978-88-15-26517-3 100 $a20180109d2016----kmuy0itay5050 ba 101 0 $aita 102 $aIT 105 $a 001yy 200 1 $a<>forme del libro$edalla tavoletta cerata all'e-book$fMarco Cursi 210 $aBologna$cIl mulino$d2016 215 $a285 p.$cill.$d22 cm 225 1 $a<>vie della civiltà 610 0 $aLibri$aStoria 676 $a002.09$v23$zita 700 1$aCursi,$bMarco$0322310 801 0$aIT$bUNINA$gREICAT$2UNIMARC 901 $aBK 912 $a9910248060003321 952 $aXXX COD.1072$b1561/2017$fFSPBC 952 $aXXX COD. 1091$b1561/2018$fFSPBC 959 $aFSPBC 996 $aForme del libro$91392405 997 $aUNINA LEADER 01953nas 2200625-a 450 001 996204829603316 005 20230605200550.0 011 $a1365-2613 035 $a(OCoLC)37104813 035 $a(CKB)954925578083 035 $a(CONSER)--2004233544 035 $a(DE-599)ZDB2640282-8 035 $a(EXLCZ)99954925578083 100 $a19970612a19909999 --- a 101 0 $aeng 135 $aur||||||||||| 181 $ctxt$2rdacontent 182 $cc$2rdamedia 183 $acr$2rdacarrier 200 10$aInternational journal of experimental pathology 210 $a[Oxford, U.K.] $cBlackwell Scientific Publications$d[1990]- 300 $aRefereed/Peer-reviewed 311 $a0959-9673 517 1 $aExperimental pathology 517 1 $aInt J Exp Pathol 531 $aINT J EXP PATHOL 531 $aINT J EXP P 531 $aINT. J. EXP. PATHOL 531 1 $aInt. j. exp. pathol. 606 $aPathology, Experimental$vPeriodicals 606 $aPathology 606 $aPathologic Processes 606 $aPathologie expérimentale$vPériodiques 606 $aPathology$2ebps 606 $aPathology, Experimental$2fast$3(OCoLC)fst01054976 606 $aPathologie expérimentale$2rasuqam 608 $aPeriodical 608 $aperiodicals.$2aat 608 $aPeriodicals.$2fast 608 $aPeriodicals.$2lcgft 608 $aPériodique électronique (Descripteur de forme)$2rasuqam 608 $aRessource Internet (Descripteur de forme)$2rasuqam 608 $aPériodiques.$2rvmgf 615 0$aPathology, Experimental 615 2$aPathology 615 2$aPathologic Processes 615 6$aPathologie expérimentale 615 7$aPathology. 615 7$aPathology, Experimental. 615 7$aPathologie expérimentale. 676 $a616.07 906 $aJOURNAL 912 $a996204829603316 996 $aInternational journal of experimental pathology$91949380 997 $aUNISA